Marketingový program ceny v mezinárodním podnikání

Cena ako zdroj výnosov v marketingovom mixe. Určovanie ceny v medzinárodnom podnikaní. Znižovanie cien podľa Henryho Forda. Vznik ceny. Tímy rôznych profesií spolupracujúce od nápadu na výrobok po jeho realizáciu na trhu. Náklady a etapy týchto procesov.

Gespeichert in:
Bibliographische Detailangaben
1. Verfasser: Urbánek, Jan
Format: Buchkapitel
Sprache:Tschechisch
Schlagworte:
Tags: Tag hinzufügen
Keine Tags, Fügen Sie das erste Tag hinzu!

MARC

LEADER 00000naa a2200000 4500
001 r032977
005 20230908092812.6
041 0 |a cze 
044 |a CZ 
245 1 0 |a Marketingový program  |b ceny v mezinárodním podnikání  |c Jan Urbánek 
520 |a Cena ako zdroj výnosov v marketingovom mixe. Určovanie ceny v medzinárodnom podnikaní. Znižovanie cien podľa Henryho Forda. Vznik ceny. Tímy rôznych profesií spolupracujúce od nápadu na výrobok po jeho realizáciu na trhu. Náklady a etapy týchto procesov. 
610 2 0 |a marketing mix 
610 2 0 |a podnikanie medzinárodné 
610 2 0 |a ceny 
610 2 0 |a znižovanie cien 
610 2 0 |a znižovanie nákladov 
610 2 0 |a tímy pracovné 
610 2 0 |a zisk 
610 2 0 |a marketing 
610 2 0 |a styk zahraničnoobchodný 
100 1 |a Urbánek, Jan